[Event "Frankfurt Ch 2013"]
[Site "Ffm-Kalbach, LAZ"]
[Date "2013.06.17"]
[Round "7.1"]
[White "Khenkin, Igor"]
[Black "Minor, Samuel"]
[Result "1-0"]
[WhiteElo "2574"]
[BlackElo "2174"]
[PlyCount "59"]
[EventDate "2013.??.??"]
[WhiteTeam "Wiesbadener SV 1885"]
[BlackTeam "Wiesbadener SV 1885"]

1. d4 Nf6 2. c4 e6 3. Nf3 Bb4+ 4. Nbd2 b6 5. a3 Bxd2+ 6. Qxd2 Bb7 7. e3 O-O 8.
Be2 d6 9. O-O Nbd7 10. b4 Ne4 11. Qc2 f5 12. d5 e5 13. Nd2 Nxd2 14. Bxd2 e4 15.
f4 exf3 16. Rxf3 g6 17. Raf1 Qe7 18. Rg3 Kh8 19. Bc3+ Ne5 20. Qd2 c6 21. dxc6
Bxc6 22. Qd4 Rae8 23. Rd1 Rf6 24. Qf4 Be4 25. h4 Re6 26. h5 gxh5 27. Bxh5 Rg8
28. c5 bxc5 29. bxc5 d5 30. Bf7 1-0

[Event "Frankfurt Ch 2013"]
[Site "Ffm-Kalbach, LAZ"]
[Date "2013.06.17"]
[Round "7.2"]
[White "Schmitt, Roland"]
[Black "Milov, Leonid"]
[Result "0-1"]
[WhiteElo "1934"]
[BlackElo "2538"]
[PlyCount "79"]
[EventDate "2013.??.??"]
[WhiteTeam "SK Großsachsen"]
[BlackTeam "SC NT Nürnberg 1873"]

1. e4 c5 2. d4 cxd4 3. c3 dxc3 4. Nxc3 Nc6 5. Nf3 g6 6. Bc4 Bg7 7. O-O d6 8.
Bf4 Nf6 9. h3 O-O 10. a3 Nd7 11. Bg5 Nde5 12. Nxe5 Nxe5 13. Ba2 h6 14. Be3 Be6
15. Nd5 Bxd5 16. exd5 Qa5 17. Bd4 Rac8 18. f4 Nd7 19. Bxg7 Kxg7 20. Qd4+ Nf6
21. Rac1 Qb6 22. Qxb6 axb6 23. Rfe1 Rfe8 24. Bb3 Kf8 25. Kf2 Rc5 26. Rxc5 bxc5
27. Bc4 Ra8 28. Kf3 Ra5 29. Bb3 b5 30. Rd1 c4 31. Bc2 b4 32. axb4 Ra2 33. Rb1
Nxd5 34. b5 Nb4 35. Bd1 d5 36. Ke3 Ra5 37. b3 Rxb5 38. bxc4 dxc4 39. Kd2 c3+
40. Ke3 0-1

[Event "Frankfurt Ch 2013"]
[Site "Ffm-Kalbach, LAZ"]
[Date "2013.06.17"]
[Round "7.3"]
[White "Telljohann, Sven"]
[Black "Legde, Georg"]
[Result "0-1"]
[WhiteElo "2391"]
[BlackElo "2286"]
[PlyCount "110"]
[EventDate "2013.??.??"]
[WhiteTeam "Sfr. Schöneck"]
[BlackTeam "SK 1858 Gießen"]

1. c4 c5 2. Nc3 Nc6 3. g3 g6 4. Bg2 Bg7 5. a3 Nf6 6. Rb1 a5 7. e4 d6 8. Nge2
O-O 9. d3 Ne8 10. Be3 Nc7 11. h4 Ne6 12. Nb5 Bd7 13. Qd2 Ne5 14. Nbc3 Ng4 15.
Bh3 Nd4 16. Bxd4 cxd4 17. Nb5 e5 18. Nxd6 Qf6 19. Bxg4 Bxg4 20. c5 Qf3 21. Rh2
Bh6 22. Qc2 Be6 23. Kf1 a4 24. Ng1 Qf6 25. h5 Bb3 26. Qe2 Kg7 27. Qg4 Qg5 28.
Qe2 Qf6 29. Kg2 b6 30. Rf1 bxc5 31. Nc4 Bxc4 32. dxc4 Rfd8 33. hxg6 hxg6 34. f4
d3 35. Qg4 Rab8 36. Kh1 exf4 37. gxf4 Rxb2 38. e5 Rxh2+ 39. Kxh2 Qe6 40. Qxe6
fxe6 41. Nh3 Rd4 42. Rd1 Bxf4+ 43. Nxf4 Rxf4 44. Rxd3 Rd4 45. Rxd4 cxd4 46. Kg3
Kf7 47. Kf4 Ke7 48. Ke4 Kd7 49. Kxd4 Kc6 50. Kc3 Kc5 51. Kd3 g5 52. Kc3 g4 53.
Kd3 g3 54. Ke3 Kxc4 55. Kf3 Kb3 0-1

[Event "Frankfurt Ch 2013"]
[Site "Ffm-Kalbach, LAZ"]
[Date "2013.06.17"]
[Round "7.4"]
[White "Isserman, Ryhor"]
[Black "Sachse, Günter"]
[Result "1-0"]
[WhiteElo "2258"]
[BlackElo "2058"]
[PlyCount "75"]
[EventDate "2013.??.??"]
[WhiteTeam "SK Bad Homburg 1927"]
[BlackTeam "SK Langen"]

1. e4 c5 2. Nf3 e6 3. Nc3 a6 4. d4 cxd4 5. Nxd4 Qc7 6. g3 Nf6 7. Bg2 Nc6 8. O-O
Be7 9. Re1 d6 10. Nxc6 bxc6 11. e5 dxe5 12. Rxe5 Bb7 13. Bf4 Qd7 14. Na4 Qxd1+
15. Rxd1 O-O 16. c4 Rad8 17. Ree1 Bb4 18. Rf1 h6 19. c5 Rxd1 20. Rxd1 Ba5 21.
Rd3 Nd5 22. Bd6 Rd8 23. Rb3 Rd7 24. Bf1 f6 25. h4 Kf7 26. h5 Bd8 27. Bc4 Ba5
28. Kg2 Bd8 29. Kf1 Ba5 30. g4 Bd8 31. f4 a5 32. Kf2 Nb4 33. Rxb4 axb4 34. f5
Rxd6 35. cxd6 c5 36. fxe6+ Ke8 37. e7 Ba5 38. Bb5+ 1-0

[Event "Frankfurt Ch 2013"]
[Site "Ffm-Kalbach, LAZ"]
[Date "2013.06.17"]
[Round "7.5"]
[White "Calvi, Stefan"]
[Black "Stockmann, Michael"]
[Result "0-1"]
[WhiteElo "2014"]
[BlackElo "2256"]
[PlyCount "70"]
[EventDate "2013.??.??"]
[WhiteTeam "Sfr. Frankfurt 1921"]
[BlackTeam "Sfr. Schöneck"]

1. e4 c5 2. c3 d5 3. exd5 Qxd5 4. d4 Nc6 5. Nf3 Nf6 6. Be2 Bf5 7. dxc5 e6 8.
Qa4 Bxc5 9. O-O O-O 10. Nbd2 a6 11. Nb3 Bc2 12. Qh4 Bb6 13. c4 Qe4 14. Qxe4
Nxe4 15. Bf4 Rfd8 16. Rac1 Bxb3 17. axb3 f6 18. Be3 Bxe3 19. fxe3 Nc5 20. Rc3
e5 21. Rd1 Rxd1+ 22. Bxd1 Rd8 23. Bc2 Nb4 24. e4 Nxc2 25. Rxc2 Nxb3 26. Kf2 Nc5
27. Ke3 a5 28. Rd2 Rxd2 29. Nxd2 Kf7 30. g4 Ke6 31. h4 Kd6 32. h5 Na4 33. b3
Nc5 34. Ke2 Ne6 35. Kd3 Kc5 0-1

[Event "Frankfurt Ch 2013"]
[Site "Ffm-Kalbach, LAZ"]
[Date "2013.06.17"]
[Round "7.6"]
[White "Marzahn, Heiko"]
[Black "Holvason, Juri"]
[Result "0-1"]
[WhiteElo "2037"]
[BlackElo "2200"]
[PlyCount "80"]
[EventDate "2013.??.??"]
[WhiteTeam "Sfr.Erbach"]
[BlackTeam "SC Brett vor'm Kopp Ffm"]

1. e4 c5 2. Nf3 Nc6 3. d4 cxd4 4. Nxd4 Nf6 5. Nc3 e5 6. Ndb5 d6 7. Bg5 a6 8.
Na3 b5 9. Bxf6 gxf6 10. Nd5 Bg7 11. c3 Ne7 12. Nc2 f5 13. Nxe7 Qxe7 14. exf5
O-O 15. Ne3 Rd8 16. Nd5 Qh4 17. g4 Bb7 18. Bg2 Kh8 19. Qe2 Bh6 20. Rd1 Rac8 21.
Be4 Rg8 22. h3 Rc4 23. b3 Rc5 24. Qf3 Re8 25. O-O Bg5 26. Rd3 Rg8 27. Rfd1 h5
28. Qg2 Bh6 29. f3 Rgc8 30. Qf1 Bxd5 31. Rxd5 Rxd5 32. Bxd5 Rxc3 33. Be4 d5 34.
Bxd5 Rc2 35. f4 Qg3+ 36. Bg2 Bxf4 37. Qf3 Qh2+ 38. Kf1 Be3 39. Rd8+ Kh7 40. Rd7
Qg1# 0-1

[Event "Frankfurt Ch 2013"]
[Site "Ffm-Kalbach, LAZ"]
[Date "2013.06.17"]
[Round "7.7"]
[White "Kayser, Felix"]
[Black "Roggensack, Hans Peter"]
[Result "1-0"]
[WhiteElo "2158"]
[BlackElo "1924"]
[PlyCount "142"]
[EventDate "2013.??.??"]
[WhiteTeam "Wiesbadener SV 1885"]
[BlackTeam "Sfr. Frankfurt 1921"]

1. e4 e5 2. Nf3 Nf6 3. Nxe5 d6 4. Nxf7 Kxf7 5. d4 c5 6. Nc3 Be7 7. Bc4+ Kf8 8.
O-O cxd4 9. Qxd4 Nc6 10. Qe3 Ne5 11. Bb3 Bd7 12. h3 b5 13. f4 Nc4 14. Qe2 Qb6+
15. Kh1 Bc6 16. a4 Na5 17. axb5 Nxb3 18. cxb3 Bb7 19. Be3 Qd8 20. Bxa7 Rc8 21.
Bd4 Rxc3 22. bxc3 Nxe4 23. Qf3 Bf6 24. Ra7 Qc8 25. Rfa1 Bxd4 26. cxd4 h5 27.
Kh2 Rh6 28. Qf1 d5 29. Qc1 Qb8 30. Kg1 Rf6 31. R1a5 Kg8 32. Qe3 Qc7 33. R5a6
Rb6 34. Kh2 Qd8 35. Ra5 Qd6 36. Qf3 Qf6 37. Qxh5 Qxf4+ 38. Kg1 Qe3+ 39. Kh2
Qg3+ 40. Kg1 Qe3+ 41. Kh2 Qf4+ 42. Kg1 Qc1+ 43. Kh2 Qc7+ 44. Kg1 Qc1+ 45. Kh2
Qh1+ 46. Kxh1 Ng3+ 47. Kh2 Nxh5 48. R7a6 Rxb5 49. Rxb5 Bxa6 50. Rxd5 Nf6 51.
Ra5 Bb7 52. Ra7 Bc6 53. g4 Nd5 54. h4 Kf8 55. Kg3 Ne7 56. Kf4 Bd5 57. b4 Nc6
58. Ra4 Nxd4 59. Ke5 Bc6 60. Ra6 Nf3+ 61. Kd6 Be4 62. h5 Kf7 63. b5 Kf6 64. Ra4
Bb7 65. Rf4+ Kg5 66. Rf7 Be4 67. Rxg7+ Kh4 68. h6 Ng5 69. b6 Kxg4 70. Rxg5+
Kxg5 71. b7 Bxb7 1-0

[Event "Frankfurt Ch 2013"]
[Site "Ffm-Kalbach, LAZ"]
[Date "2013.06.17"]
[Round "7.8"]
[White "Kaliski, Erwin"]
[Black "Mager, Denis"]
[Result "1/2-1/2"]
[WhiteElo "2106"]
[BlackElo "1991"]
[PlyCount "68"]
[EventDate "2013.??.??"]
[WhiteTeam "SC Bad Nauheim"]
[BlackTeam "TuS Makkabi Ffm"]

1. e4 c5 2. Nc3 Nc6 3. g3 g6 4. Bg2 Bg7 5. Nge2 d6 6. d3 e6 7. O-O Nge7 8. Be3
Nd4 9. Qd2 O-O 10. Nd1 d5 11. Nxd4 cxd4 12. Bg5 dxe4 13. dxe4 Qd6 14. c3 Nc6
15. cxd4 Qxd4 16. Nc3 Qxd2 17. Bxd2 Nd4 18. Rad1 b6 19. Be3 Nc2 20. Rd2 Nxe3
21. fxe3 Ba6 22. Rfd1 Rfc8 23. e5 Rab8 24. Rd7 Bxe5 25. Rxa7 Bxc3 26. bxc3 Bb5
27. a4 Be8 28. Rd3 Rc4 29. a5 bxa5 30. Rxa5 Rb1+ 31. Bf1 Bc6 32. Kf2 Rb2+ 33.
Kg1 Rb1 34. Kf2 Rb2+ 1/2-1/2

[Event "Frankfurt Ch 2013"]
[Site "Ffm-Kalbach, LAZ"]
[Date "2013.06.17"]
[Round "7.9"]
[White "Achtmann, Armin"]
[Black "Uwira, Oliver"]
[Result "0-1"]
[WhiteElo "1984"]
[BlackElo "2201"]
[PlyCount "78"]
[EventDate "2013.??.??"]
[WhiteTeam "TuS Dotzheim"]
[BlackTeam "SC 1961 König Nied"]

1. b4 e5 2. Bb2 Bxb4 3. Bxe5 Nf6 4. Nf3 O-O 5. e3 Re8 6. Be2 d5 7. O-O Bg4 8.
Bb2 c5 9. a3 Ba5 10. c4 Nc6 11. cxd5 Nxd5 12. d4 Qb6 13. Qc2 cxd4 14. Nxd4 Bxe2
15. Nxe2 Nxe3 16. fxe3 Qxe3+ 17. Kh1 Qxe2 18. Qc1 Ne5 19. Nc3 Qh5 20. Qd1 Qxd1
21. Rfxd1 Nc4 22. Rd5 Rad8 23. Rb5 Nxb2 24. Rxa5 Rd1+ 25. Rxd1 Nxd1 26. h3 Nxc3
27. Rxa7 Rb8 28. Kg1 Kf8 29. Kf2 Ke7 30. Ke3 Kd6 31. Ra5 b5 32. Kd4 Nd5 33.
Ra6+ Rb6 34. Ra7 Nc7 35. a4 b4 36. a5 Rb5 37. Kc4 b3 38. a6 b2 39. Rb7 Rxb7 0-1

[Event "Frankfurt Ch 2013"]
[Site "Ffm-Kalbach, LAZ"]
[Date "2013.06.17"]
[Round "7.10"]
[White "Rolle, Eric"]
[Black "Tierling, Detlef"]
[Result "1-0"]
[WhiteElo "2187"]
[BlackElo "1941"]
[PlyCount "111"]
[EventDate "2013.??.??"]
[WhiteTeam "SK Marburg 1931/72"]
[BlackTeam "SC Groß-Umstadt"]

1. Nf3 d5 2. g3 c6 3. Bg2 Nf6 4. O-O g6 5. d3 Bg7 6. Nbd2 O-O 7. e4 dxe4 8.
dxe4 Bg4 9. h3 Bxf3 10. Qxf3 Nbd7 11. Qe2 e5 12. a4 a5 13. Nc4 Qc7 14. Bd2 Rfd8
15. Bc3 Ne8 16. f4 f6 17. Rad1 b5 18. axb5 cxb5 19. Ne3 b4 20. Be1 Nb6 21. Nd5
Nxd5 22. exd5 Nd6 23. fxe5 fxe5 24. c3 Rab8 25. cxb4 axb4 26. b3 Rf8 27. Bf2
Rbc8 28. Qg4 Qc2 29. Qe6+ Kh8 30. Bb6 Nf5 31. d6 Rc3 32. Rc1 Qd2 33. Rxc3 bxc3
34. d7 c2 35. Qc6 Ne7 36. Rxf8+ Bxf8 37. Qxc2 Qxd7 38. Kh2 Nf5 39. Qe4 Qd6 40.
Bf2 Be7 41. b4 Nd4 42. Be1 Kg7 43. Bc3 Bf6 44. Qb7+ Qe7 45. Qd5 Qc7 46. Qc5 Qe7
47. Bd5 Qxc5 48. bxc5 Nb5 49. Ba5 Be7 50. Bb6 Kf6 51. Kg2 Nc3 52. Bb3 Nb5 53.
Ba4 Nc3 54. Bd7 Nd5 55. Ba7 Nc7 56. Kf3 1-0

[Event "Frankfurt Ch 2013"]
[Site "Ffm-Kalbach, LAZ"]
[Date "2013.06.17"]
[Round "7.11"]
[White "Lieder, Konrad"]
[Black "Orwatsch, Gerhard"]
[Result "0-1"]
[WhiteElo "2156"]
[BlackElo "1969"]
[PlyCount "52"]
[EventDate "2013.??.??"]
[WhiteTeam "SV Sangerhausen"]
[BlackTeam "SC Butzbach 2000"]

1. d4 Nf6 2. Nf3 c5 3. e3 e6 4. Bd3 Nc6 5. O-O Be7 6. c3 O-O 7. b3 d5 8. Nbd2
b6 9. Bb2 Bb7 10. Ne5 cxd4 11. cxd4 Nb4 12. Bb1 Ne4 13. a3 Na6 14. f3 Nf6 15.
f4 Ne4 16. Rf3 f6 17. Nd3 Nc7 18. Rh3 Qe8 19. Nf2 f5 20. a4 Rc8 21. Nfxe4 dxe4
22. Ba3 Bxa3 23. Rxa3 Nd5 24. Ra1 Ba6 25. a5 Nc3 26. Qe1 Ne2+ 0-1

[Event "Frankfurt Ch 2013"]
[Site "Ffm-Kalbach, LAZ"]
[Date "2013.06.17"]
[Round "7.12"]
[White "Böhle, Reinhard"]
[Black "Chandler, Patrick"]
[Result "1/2-1/2"]
[WhiteElo "1966"]
[BlackElo "2145"]
[PlyCount "40"]
[EventDate "2013.??.??"]
[WhiteTeam "SV Maintal 1934"]
[BlackTeam "Sfr. Schöneck"]

1. e4 c5 2. Nf3 d6 3. d4 cxd4 4. Nxd4 Nf6 5. Nc3 a6 6. Bg5 e6 7. f4 Qc7 8. Qf3
Nbd7 9. O-O-O h6 10. Bxf6 gxf6 11. Qh5 Qc5 12. Be2 Qxh5 13. Bxh5 Nb6 14. f5 Ke7
15. fxe6 fxe6 16. Nde2 e5 17. Ng3 Rg8 18. Rhf1 Be6 19. Rf2 Bg7 20. Nf5+ Bxf5
1/2-1/2

[Event "Frankfurt Ch 2013"]
[Site "Ffm-Kalbach, LAZ"]
[Date "2013.06.17"]
[Round "7.13"]
[White "Hristovski, Srdzan"]
[Black "Ochmann, Reimund"]
[Result "0-1"]
[WhiteElo "2136"]
[BlackElo "1932"]
[PlyCount "132"]
[EventDate "2013.??.??"]
[WhiteTeam "Kumanovo/MZD"]
[BlackTeam "SK Langen"]

1. d4 d5 2. c4 c6 3. Nc3 Nf6 4. Nf3 dxc4 5. a4 Bf5 6. e3 e6 7. Bxc4 Bb4 8. O-O
Nbd7 9. Qb3 a5 10. h3 O-O 11. Nh4 Bxc3 12. Nxf5 Bb4 13. Ng3 e5 14. Rd1 e4 15.
Bd2 Bxd2 16. Rxd2 Nb6 17. Bf1 Re8 18. Rc1 Nfd5 19. Bc4 Nxc4 20. Rxc4 Rb8 21.
Rc5 Nb4 22. Rf5 Nd5 23. Qd1 Qh4 24. Rh5 Qe7 25. Re5 Qh4 26. Rh5 Qe7 27. Rc2 g6
28. Re5 Qh4 29. Rxe8+ Rxe8 30. Qd2 Qd8 31. Rc5 Nb4 32. Qe2 h5 33. Qd2 b6 34.
Rc1 Qd5 35. Qc3 Qe6 36. Rf1 Rc8 37. Ne2 c5 38. Nf4 Qd7 39. dxc5 Rxc5 40. Qb3
Qc6 41. g3 Nd5 42. Ne2 Rc4 43. Rd1 Qc5 44. Rd4 Rxd4 45. Nxd4 Qc1+ 46. Kg2 Nb4
47. Qc3 Qxc3 48. bxc3 Nd3 49. Kf1 Nc5 50. Ke2 Nxa4 51. Kd2 Nc5 52. c4 Kf8 53.
f4 exf3 54. Nxf3 Ne4+ 55. Kd3 Nxg3 56. e4 f5 57. e5 Ne4 58. Kd4 a4 59. Kd5 a3
60. Nd4 a2 61. Nb3 Nc5 62. Na1 Ke7 63. Kc6 f4 64. Kxb6 Nd3 65. c5 Nxe5 66. c6
Nxc6 0-1

[Event "Frankfurt Ch 2013"]
[Site "Ffm-Kalbach, LAZ"]
[Date "2013.06.17"]
[Round "7.14"]
[White "Maier, Martin"]
[Black "Stock, Jürgen"]
[Result "1-0"]
[WhiteElo "2046"]
[BlackElo "1799"]
[PlyCount "74"]
[EventDate "2013.??.??"]
[WhiteTeam "SK Salzgitter-Bad"]
[BlackTeam "SC Eschborn 1974"]

1. e4 e6 2. d4 d5 3. Nc3 Nf6 4. e5 Nfd7 5. Nce2 c5 6. c3 Nc6 7. f4 cxd4 8. cxd4
f6 9. Nf3 fxe5 10. fxe5 Be7 11. Nf4 Nb6 12. Bd3 Bb4+ 13. Bd2 Bd7 14. O-O Bxd2
15. Qxd2 Qe7 16. a3 O-O-O 17. b4 Rdf8 18. b5 Nd8 19. a4 Be8 20. Rfc1+ Kb8 21.
Rc2 g5 22. Ne2 g4 23. Ne1 Bg6 24. Rac1 Nc4 25. Nf4 b6 26. Nxg6 hxg6 27. Bxc4
dxc4 28. Rxc4 Nb7 29. g3 Qf7 30. Qg2 Na5 31. R4c3 Qf5 32. Nd3 Rc8 33. Nb4 Rc5
34. Na6+ Kc8 35. Rxc5+ bxc5 36. Rxc5+ Kd8 37. Qa8+ Kd7 1-0

[Event "Frankfurt Ch 2013"]
[Site "Ffm-Kalbach, LAZ"]
[Date "2013.06.17"]
[Round "7.15"]
[White "Gutacker, Stephan"]
[Black "Ortinau, Peter"]
[Result "0-1"]
[WhiteElo "1873"]
[BlackElo "2022"]
[PlyCount "68"]
[EventDate "2013.??.??"]
[WhiteTeam "Sfr.1932 Kelkheim"]
[BlackTeam "SC Pirmasens 1912"]

1. e4 e5 2. Nf3 Nc6 3. d4 exd4 4. Nxd4 Nf6 5. Nxc6 bxc6 6. Nc3 Bb4 7. Bd3 d5 8.
exd5 cxd5 9. O-O O-O 10. Bg5 c6 11. Qf3 Bd6 12. Rfe1 Rb8 13. Rab1 h6 14. Bxf6
Qxf6 15. Qxf6 gxf6 16. a3 a5 17. h3 Be6 18. Nd1 Bxa3 19. Ra1 Bd6 20. c3 Bc7 21.
Re2 Rfe8 22. Kf1 Kf8 23. Ra4 Bd7 24. Rxe8+ Rxe8 25. Rh4 Kg7 26. Ne3 Rb8 27. Bf5
Be6 28. Rg4+ Kf8 29. Rh4 Rxb2 30. Rxh6 Bf4 31. Rh8+ Kg7 32. Rh7+ Kg8 33. Rh5
Bxe3 34. fxe3 a4 0-1

[Event "Frankfurt Ch 2013"]
[Site "Ffm-Kalbach, LAZ"]
[Date "2013.06.17"]
[Round "7.16"]
[White "Rutsatz, Mario"]
[Black "Kuban, Günther"]
[Result "1/2-1/2"]
[WhiteElo "1788"]
[BlackElo "2003"]
[PlyCount "78"]
[EventDate "2013.??.??"]
[WhiteTeam "Sfr. Frankfurt 1921"]
[BlackTeam "SV Oberursel"]

1. d4 c5 2. d5 e5 3. Nc3 d6 4. e4 a6 5. a4 Ne7 6. Be2 Ng6 7. Nf3 Be7 8. O-O O-O
9. Nd2 Nf4 10. Bf3 Nd7 11. Nc4 g5 12. g3 Nh3+ 13. Kh1 Nf6 14. Ne3 h5 15. Bxh5
Nxh5 16. Qxh5 Kg7 17. Nf5+ Bxf5 18. exf5 Rh8 19. Qg4 Rh7 20. f4 Kh8 21. fxe5
dxe5 22. Qe2 f6 23. Be3 Qb6 24. a5 Qb4 25. Ra4 Qxb2 26. Qd2 b5 27. Rb1 Qxb1+
28. Nxb1 bxa4 29. d6 Bd8 30. Na3 g4 31. Nc4 Rb8 32. Nb6 a3 33. c4 Bxb6 34. axb6
Rxb6 35. d7 Rxd7 36. Qxd7 a2 37. Qe8+ Kh7 38. Qf7+ Kh8 39. Qf8+ Kh7 1/2-1/2

[Event "Frankfurt Ch 2013"]
[Site "Ffm-Kalbach, LAZ"]
[Date "2013.06.17"]
[Round "7.18"]
[White "Dürmeier, Roland"]
[Black "Solonar, Stefan"]
[Result "0-1"]
[WhiteElo "1891"]
[BlackElo "2290"]
[PlyCount "44"]
[EventDate "2013.??.??"]
[WhiteTeam "SG Wächtersbach/Sotzbach"]
[BlackTeam "SC Heusenstamm"]

1. b4 e5 2. Bb2 Bxb4 3. Bxe5 Nf6 4. c4 Nc6 5. Bb2 O-O 6. e3 Re8 7. Nf3 d5 8.
cxd5 Nxd5 9. Be2 Bg4 10. O-O Bd6 11. d4 Qf6 12. h3 Bxh3 13. gxh3 Rxe3 14. fxe3
Qg6+ 15. Kh1 Nxe3 16. Rg1 Qh6 17. Rxg7+ Kxg7 18. Qg1+ Kf8 19. Nbd2 Qxh3+ 20.
Nh2 Re8 21. Bb5 Re6 22. Re1 Rg6 0-1

[Event "Frankfurt Ch 2013"]
[Site "Ffm-Kalbach, LAZ"]
[Date "2013.06.17"]
[Round "7.19"]
[White "Lebermann, Hellmuth"]
[Black "Schwenkreis, Thomas"]
[Result "1-0"]
[WhiteElo "1858"]
[BlackElo "2128"]
[PlyCount "97"]
[EventDate "2013.??.??"]
[WhiteTeam "SK Bad Homburg 1927"]
[BlackTeam "SC Brett vor'm Kopp Ffm"]

1. Nf3 Nf6 2. g3 g6 3. Bg2 Bg7 4. O-O O-O 5. c4 d6 6. Nc3 Nc6 7. Rb1 e5 8. d3
Nh5 9. Nd5 h6 10. b4 f5 11. b5 Ne7 12. Nh4 Kh7 13. Bb2 Nxd5 14. Bxd5 Nf6 15.
Bg2 g5 16. Nf3 Qe7 17. a4 Rb8 18. Qb3 b6 19. Qa3 Bb7 20. Nxe5 Qe6 21. Bxb7 dxe5
22. Bg2 Rfe8 23. a5 f4 24. axb6 axb6 25. Ra1 Rbd8 26. Qb3 fxg3 27. fxg3 Qd6 28.
Qa3 Qe6 29. Bc3 Kh8 30. Qb2 h5 31. Ra7 Re7 32. Ra8 Rxa8 33. Bxa8 h4 34. Qd2
hxg3 35. Qxg5 gxh2+ 36. Kh1 Nh7 37. Qf5 Qg8 38. Bd5 Qf8 39. Qxf8+ Nxf8 40. Bb4
Re8 41. Rf2 Bh6 42. Kxh2 Bf4+ 43. Kg2 Ne6 44. Bxe6 Rxe6 45. Bc3 Kg8 46. Kf3 Rg6
47. Ke4 Rg5 48. e3 Bg3 49. Rf5 1-0

[Event "Frankfurt Ch 2013"]
[Site "Ffm-Kalbach, LAZ"]
[Date "2013.06.17"]
[Round "7.20"]
[White "Fußnecker, Manfred"]
[Black "Penzel, Nils"]
[Result "1/2-1/2"]
[WhiteElo "1868"]
[BlackElo "2062"]
[PlyCount "96"]
[EventDate "2013.??.??"]
[WhiteTeam "Sfr. Frankfurt 1921"]
[BlackTeam "SSG Rödermark/Eppertshausen"]

1. e4 e6 2. f4 d5 3. e5 c5 4. Nf3 Nc6 5. c3 d4 6. Bd3 dxc3 7. dxc3 b6 8. O-O
Bb7 9. Qe2 Qc7 10. Na3 O-O-O 11. Nc4 Kb8 12. a4 Nh6 13. Be3 Nf5 14. a5 b5 15.
Bxf5 exf5 16. Nd6 a6 17. b4 Bxd6 18. exd6 Rxd6 19. Bxc5 Re6 20. Qd3 Qxf4 21.
Nd4 Qg4 22. Nxe6 fxe6 23. Qf3 Qxf3 24. Rxf3 Nd8 25. Re3 Bd5 26. Rd1 Nc6 27. Kf2
g5 28. Rxd5 exd5 29. Re6 Kb7 30. Rf6 f4 31. Rf7+ Kb8 32. h4 h6 33. hxg5 hxg5
34. Rg7 d4 35. cxd4 Rd8 36. Rxg5 Nxd4 37. Rg6 Nb3 38. Bd6+ Kc8 39. Bxf4 Rd4 40.
Be3 Rxb4 41. Rxa6 Ra4 42. Ra8+ Kb7 43. Ra7+ Kc6 44. a6 Nc5 45. Bxc5 Kxc5 46.
Ra8 Kb6 47. a7 b4 48. g4 b3 1/2-1/2

[Event "Frankfurt Ch 2013"]
[Site "Ffm-Kalbach, LAZ"]
[Date "2013.06.17"]
[Round "7.21"]
[White "Zimpfer, Andreas"]
[Black "Benninger, Rudolf"]
[Result "0-1"]
[WhiteElo "1837"]
[BlackElo "1991"]
[PlyCount "52"]
[EventDate "2013.??.??"]
[WhiteTeam "SC Butzbach 2000"]
[BlackTeam "SC Heusenstamm"]

1. d4 g6 2. e4 Bg7 3. Nc3 c6 4. g3 d5 5. exd5 cxd5 6. Bg2 Nf6 7. Nf3 Nc6 8. O-O
O-O 9. Ne5 Bf5 10. Be3 Rc8 11. h3 Ne4 12. Nxe4 Bxe4 13. Ng4 h5 14. Nh2 Bxg2 15.
Kxg2 Qb6 16. Nf3 Qxb2 17. Rb1 Qxa2 18. g4 hxg4 19. hxg4 e5 20. dxe5 Qc4 21. Nd2
Qc3 22. Nf3 Nxe5 23. Nxe5 Qxe5 24. Bxa7 Qe4+ 25. Kg3 Be5+ 26. Kh4 Kg7 0-1

[Event "Frankfurt Ch 2013"]
[Site "Ffm-Kalbach, LAZ"]
[Date "2013.06.17"]
[Round "7.22"]
[White "Larem, Peter"]
[Black "Czech, Ludwig"]
[Result "0-1"]
[WhiteElo "1826"]
[BlackElo "1979"]
[PlyCount "64"]
[EventDate "2013.??.??"]
[WhiteTeam "SSG Rödermark/Eppertshausen"]
[BlackTeam "VSG 1880 Offenbach"]

1. e4 e6 2. d4 d5 3. Nc3 Bb4 4. e5 c5 5. a3 Bxc3+ 6. bxc3 Qc7 7. Qg4 f6 8. Bd3
f5 9. Qd1 Bd7 10. Nf3 Nc6 11. O-O Nge7 12. a4 b6 13. Ba3 Na5 14. Qd2 O-O 15.
Qg5 Rf7 16. Bc1 h6 17. Qh5 Raf8 18. Nh4 Be8 19. f4 cxd4 20. cxd4 Qc3 21. Ba3
Nc4 22. Bxc4 Qxd4+ 23. Kh1 Qxc4 24. Bd6 Kh7 25. Qd1 g5 26. fxg5 Qxh4 27. gxh6
Rg8 28. Rf3 d4 29. Raa3 Bc6 30. Rg3 Rxg3 31. Rxg3 Ng6 32. Qe1 f4 0-1

[Event "Frankfurt Ch 2013"]
[Site "Ffm-Kalbach, LAZ"]
[Date "2013.06.17"]
[Round "7.23"]
[White "Rolf, Marco"]
[Black "Gräbner, Walter"]
[Result "1/2-1/2"]
[WhiteElo "1819"]
[BlackElo "1956"]
[PlyCount "58"]
[EventDate "2013.??.??"]
[WhiteTeam "SK Bad Homburg 1927"]
[BlackTeam "SC 1961 König Nied"]

1. d4 Nf6 2. c4 c5 3. d5 e6 4. Nc3 exd5 5. cxd5 d6 6. e4 g6 7. h3 Bg7 8. Nf3 a6
9. a4 Nbd7 10. Bd3 Nh5 11. g4 Nhf6 12. Bf4 Qe7 13. O-O O-O 14. Re1 Ne8 15. Qd2
f6 16. Qe3 Ne5 17. Nd2 Nc7 18. Bg3 Bd7 19. f4 Nf7 20. Nf3 b5 21. e5 fxe5 22.
fxe5 Nxe5 23. Nxe5 dxe5 24. Ne4 Nxd5 25. Qxc5 Qxc5+ 26. Nxc5 Bc6 27. Bxe5 Nb4
28. Bxg7 Nxd3 29. Bxf8 Nxe1 1/2-1/2

[Event "Frankfurt Ch 2013"]
[Site "Ffm-Kalbach, LAZ"]
[Date "2013.06.17"]
[Round "7.24"]
[White "Goldt, Rainer"]
[Black "Kuhn, Gerhard"]
[Result "1/2-1/2"]
[WhiteElo "1818"]
[BlackElo "1943"]
[PlyCount "49"]
[EventDate "2013.??.??"]
[WhiteTeam "Kreuznacher SV 1921"]
[BlackTeam "SK Marburg 1931/72"]

1. e4 c6 2. c4 d5 3. exd5 cxd5 4. cxd5 Nf6 5. Nc3 Nxd5 6. d4 e6 7. Nf3 Nc6 8.
Bd3 Be7 9. O-O h6 10. Be3 O-O 11. Qe2 Qa5 12. Bd2 Rd8 13. a3 Qb6 14. Nxd5 exd5
15. Ne5 Be6 16. Nxc6 Qxc6 17. Rac1 Qb6 18. Be3 Bf6 19. Rc5 Rac8 20. Rfc1 Rxc5
21. Rxc5 Be7 22. Rc1 Rd6 23. Bb1 Rc6 24. Rxc6 bxc6 25. Qd3 1/2-1/2

[Event "Frankfurt Ch 2013"]
[Site "Ffm-Kalbach, LAZ"]
[Date "2013.06.17"]
[Round "7.25"]
[White "Hierling, Stefan"]
[Black "Klein, Markus"]
[Result "1/2-1/2"]
[WhiteElo "1940"]
[BlackElo "1771"]
[PlyCount "62"]
[EventDate "2013.??.??"]
[WhiteTeam "VSG 1880 Offenbach"]
[BlackTeam "SC 1979 Hattersheim"]

1. e4 d5 2. exd5 Qxd5 3. Nc3 Qa5 4. d4 Nf6 5. Bb5+ c6 6. Bd3 Bg4 7. f3 Bh5 8.
Nge2 Nbd7 9. Bd2 Qb6 10. Na4 Qc7 11. b4 e5 12. c3 Bd6 13. Kf2 Bg6 14. Bxg6 hxg6
15. dxe5 Nxe5 16. Nb2 Rd8 17. Qc1 a6 18. c4 c5 19. a3 Rc8 20. bxc5 Bxc5+ 21.
Kf1 O-O 22. Qc3 Rfe8 23. Nf4 Nc6 24. Rc1 Bd4 25. Qc2 Qe7 26. Qb3 Ne5 27. Bb4
Qd7 28. Rd1 Nc6 29. Ne2 Qe6 30. Nxd4 Nxd4 31. Qd3 Nf5 1/2-1/2

[Event "Frankfurt Ch 2013"]
[Site "Ffm-Kalbach, LAZ"]
[Date "2013.06.17"]
[Round "7.26"]
[White "Göbel, Andreas"]
[Black "Fischer, Ulrich"]
[Result "1/2-1/2"]
[WhiteElo "1932"]
[BlackElo "1770"]
[PlyCount "40"]
[EventDate "2013.??.??"]
[WhiteTeam "SC Brett vor'm Kopp Ffm"]
[BlackTeam "Frankfurter TV 1860"]

1. d4 d5 2. f4 Nf6 3. Nf3 Bf5 4. e3 e6 5. Be2 Be7 6. O-O Nbd7 7. Ne5 O-O 8. Nd2
Nxe5 9. fxe5 Ne4 10. Bf3 Nxd2 11. Bxd2 f6 12. exf6 Bxf6 13. Bb4 Be7 14. Bxe7
Qxe7 15. Qe2 Qd6 16. c4 c6 17. Rad1 Rad8 18. c5 Qe7 19. Bg4 Bxg4 20. Qxg4 e5
1/2-1/2

[Event "Frankfurt Ch 2013"]
[Site "Ffm-Kalbach, LAZ"]
[Date "2013.06.17"]
[Round "7.27"]
[White "Weber, Andreas"]
[Black "Kolker, Vladislav"]
[Result "0-1"]
[WhiteElo "1730"]
[BlackElo "1926"]
[PlyCount "66"]
[EventDate "2013.??.??"]
[WhiteTeam "SC Flörsheim 1921"]
[BlackTeam "SC Bad Nauheim"]

1. d4 Nf6 2. c4 g6 3. Nc3 Bg7 4. e4 d6 5. f4 O-O 6. Nf3 c5 7. d5 e6 8. Be2 exd5
9. cxd5 Re8 10. e5 dxe5 11. fxe5 Ng4 12. e6 fxe6 13. d6 a6 14. Ng5 Ne5 15. O-O
Nbc6 16. Nce4 h6 17. Nf3 b6 18. Nxe5 Nxe5 19. Qc2 Bb7 20. Rd1 Qh4 21. Ng3 Rad8
22. Qb3 b5 23. a4 b4 24. Be3 Nd7 25. Rac1 Bd5 26. Rxd5 exd5 27. Qxd5+ Kh7 28.
Rc4 Qf6 29. Ne4 Qxb2 30. Ng5+ hxg5 31. Qxg5 Qxe2 32. Rh4+ Kg8 33. Qd5+ Kf8 0-1